000 00717nam a2200289Ia 4500
005 20260324120425.0
008 008 260324s9999 xx 000 0 eng d
020 _a9781315654126
037 _aEBOOK
040 _aCRL
040 _beng
040 _cCRL
041 _2eng
041 _aeng
084 _qCRL
100 _aAllan I. MacInnes; Kieran German; Lesley Graham
_91158513
245 0 _aLiving with Jacobitism, 1690–1788
245 4 _bThe Three Kingdoms and Beyond
260 _bTaylor and Francis
260 _c2015
365 _a
365 _b240
856 _uhttp://www.taylorfrancis.com/books/9781315654126
942 _cEBOOK
999 _c1750040
_d1750040